La lucha por el techo en un mundo en urbanización /
Guardado en:
| Autor Principal: | |
|---|---|
| Formato: | Libro |
| Publicado: |
Buenos Aires :
Infinito,
1967
|
| Materias: | |
| Etiquetas: |
Agregar Etiqueta
Sin Etiquetas, Sea el primero en etiquetar este registro!
|
| LEADER | 00586nam a22001815a 4500 | ||
|---|---|---|---|
| 001 | CEM.cems000305 | ||
| 005 | 20060210000000.0 | ||
| 008 | 130507s1967##################000#0#####d | ||
| 003 | CEMS | ||
| 082 | 0 | 4 | |a 711.59 |
| 100 | 1 | |a Abrams, Charles | |
| 245 | 1 | 0 | |a La lucha por el techo en un mundo en urbanización / |
| 260 | |a Buenos Aires : |b Infinito, |c 1967 | ||
| 300 | |a 367 p. | ||
| 505 | 0 | |a Las siete l mparas: sacrificio; verdad; poder; belleza; vida; memoria; obediencia. | |
| 653 | |a Urbanismo | ||
| 653 | |a Vivienda-construccion | ||
| 859 | |a CEMS |b BIB. CEMS - 11 de abril |h 711.59 |i Ab83 |p 5340.76 |t Ej.1 | ||
